ბათუმის შოთა რუსთაველის სახელმწიფო უნივერსიტეტის ბიბლიოთეკა

ანარქიული საზოგადოება: წესრიგის საკითხი მსოფლიო პოლიტიკაში / (ბიბ.ჩანაწერი № 38509)

000 -ლიდერი
ფიქსირებული სიგრძის საკონტროლო ველი 01151nam a2200241Ia 4500
001 - საკონტროლო ნომერი
საკონტროლო ველი 4610
003 - საკონტროლო ნომრის იდენტიფიკატორი
საკონტროლო ველი GE_BSU
005 - ბოლო ოპერაციის თარიღი და დრო
საკონტროლო ველი 20190510183421.0
008 - ფიქსირებული სიგრძის მონაცემთა ელემენტები - ზოგადი ინფორმაცია
ფიქსირებული სიგრძის საკონტროლო ველი 181216s2003|||| |||||||||||||| ||geo||
020 ## - წიგნის საერთაშორისო სტანდარტული ნომერი
International Standard Book Number 9994016105
040 ## - კატალოგიზაციის წყარო
Transcribing agency GE_BSU
041 ## - ენის კოდი
Language code of text/sound track or separate title geo
080 ## - უნივერსალური ათობითი კლასიფიკაციის ინდექსი
Universal Decimal Classification number 316.32 + 342.745 + 327 ბ–95
100 ## - მთავარი ჩანაწერი - პიროვნების სახელი
Personal name ბული, ჰედლი
9 (RLIN) 993
245 ## - ცნობა სათაურის შესახებ
Title ანარქიული საზოგადოება: წესრიგის საკითხი მსოფლიო პოლიტიკაში /
Statement of responsibility, etc ჰედლი ბული ; მთარგმნ : გიორგი ხელაშვილი ; რედ : ანა ჭაბაშვილი
264 ## - წარმოების, გამოცემის, დისტრიბუციის და სხვა ცნობები
გამოცემის, წარმოების, დისტრიბუციის... ადგილი თბილისი .:
გამოცემის, წარმოების, დისტრიბუციის... სახელწოდება დიოგენე,
გამოცემის, წარმოების, დისტრიბუციის... თარიღი 2003.
300 ## - ფიზიკური აღწერა
Extent 350გვ . ;
Dimensions 20სმ.
653 ## - INDEX TERM--UNCONTROLLED
Uncontrolled term ანარქიული საზოგადოება
653 ## - INDEX TERM--UNCONTROLLED
Uncontrolled term მსოფლიო პოლიტიკა
700 ## - ADDED ENTRY--PERSONAL NAME
Personal name ხელაშვილი, გიორგი
Relator term მთარგმნელი
9 (RLIN) 994
700 ## - ADDED ENTRY--PERSONAL NAME
Personal name ჭაბაშვილი, ანა
Relator term რედაქტორი
9 (RLIN) 995
942 ## - ADDED ENTRY ELEMENTS (KOHA)
Koha item type წიგნი
Source of classification or shelving scheme
ეგზემპლარები
ჩამოწერის სტატუსი დაკარგული ეგზემპლარის სტატუსი კლასიფიკაციის წყარო ან თაროზე გაწყობის სქემა დაზიანების სტატუსი არ გაიცემა მუდმივი მდებარეობა (დაცვის ადგილი) ამჟამინდელი ადგილსამყოფელი თაროზე განთავსების ადგილი შეძენის თარიღი სრული შენახვის შიფრი შტრიხკოდი ბოლო ოპერაციის თარიღი ეგზემპლარის მიმდევრობითი ნომერი (კეტერი?) ფასის ძალაში შესვლის თარიღი ეგზემპლარის სახეობა
          ტექნოლოგიური ფაკულტეტის ბიბლიოთეკა ტექნოლოგიური ფაკულტეტის ბიბლიოთეკა წიგნსაცავი 2018-12-17 316.32 + 342.745 + 327 ბ–95 8352 2018-12-17 8352 2018-12-17 წიგნი